Catálogo
 En Linea

Siete gotas de arena : (Registro nro. 58645)

Detalles MARC
000 -CABECERA
campo de control de longitud fija 01840nam a22003617i 4500
003 - IDENTIFICADOR DEL NÚMERO DE CONTROL
campo de control DO-SdBNP
005 - FECHA Y HORA DE LA ÚLTIMA TRANSACCIÓN
campo de control 20250606144543.0
007 - CAMPO FIJO DE DESCRIPCIÓN FÍSICA--INFORMACIÓN GENERAL
campo de control de longitud fija ta
008 - DATOS DE LONGITUD FIJA--INFORMACIÓN GENERAL
campo de control de longitud fija 250528b2007 dr a|||| |||| 00| 0 spa d
020 ## - NÚMERO INTERNACIONAL ESTÁNDAR DEL LIBRO
Número Internacional Estándar del Libro 9789945224030
040 ## - FUENTE DE LA CATALOGACIÓN
Centro catalogador/agencia de origen DO-SdBNP
Lengua de catalogación spa
Centro/agencia transcriptor BNPHU
Normas de descripción rda
041 ## - CÓDIGO DE LENGUA
Código de lengua del texto/banda sonora o título independiente spa
082 #4 - NÚMERO DE LA CLASIFICACIÓN DECIMAL DEWEY
Número de clasificación RD863.44
Número de documento/Ítem B142s
Número de edición 22
100 1# - ENTRADA PRINCIPAL--NOMBRE DE PERSONA
Nombre de persona Báez Guerrero, José
Término indicativo de función/relación autor
Código de función/relación aut.
9 (RLIN) 87775
245 10 - MENCIÓN DE TÍTULO
Título Siete gotas de arena :
Resto del título Seven gotas de sable = Sept drops de arena /
Mención de responsabilidad, etc. José Báez Guerrero ; cuidado de edición, Sotolongo Armstrong ; ilustraciones, Lobo di Riprogettazione dei Dominio Publico.
246 ## - FORMA VARIANTE DE TÍTULO
Título propio/Titulo breve Seven gotas de sable
246 ## - FORMA VARIANTE DE TÍTULO
Título propio/Titulo breve Sept drops de arena
250 ## - MENCIÓN DE EDICIÓN
Mención de edición Primera edición trilingüe
264 #4 - PRODUCCIÓN, PUBLICACIÓN, DISTRIBUCIÓN, FABRICACIÓN Y COPYRIGHT
Producción, publicación, distribución, fabricación y copyright Santo Domingo :
Nombre del de productor, editor, distribuidor, fabricante Arte Tuto,
-- Editora Búho,
Fecha de producción, publicación, distribución, fabricación o copyright ©2024.
300 ## - DESCRIPCIÓN FÍSICA
Extensión 270 páginas :
Otras características físicas ilustraciones ;
Dimensiones 21 cm
336 ## - TIPO DE CONTENIDO
Término de tipo de contenido rdacontent
Código de tipo de contenido texto
Fuente txt
337 ## - TIPO DE MEDIO
Nombre/término del tipo de medio rdamedia
Código del tipo de medio sin mediación
Fuente n
338 ## - TIPO DE SOPORTE
Nombre/término del tipo de soporte rdacarrier
Código del tipo de soporte volumen
Fuente nc
500 ## - NOTA GENERAL
Nota general Siete gouttes of sand.
505 ## - NOTA DE CONTENIDO CON FORMATO
Nota de contenido con formato Sucedáneo de prólogo por Justiniano Pargoseco 9 -- Explicación (o exculpación) 37 -- Cuento del fin del mundo 39 -- Duda 49 -- Proeza de Livánder 53 -- Palo Hincado 61 -- El sable 69 --Siete gota de arena 79 -- El espía 87 -
520 ## - SUMARIO, ETC.
Sumario, etc. Siete cuentos acerca de la finitud de la vida, las dudas sobre la fidelidad, los temores ante los cambios de las esencias humanas por el avance de la ciencia, las incomprensiones entre distintas culturas, las similitudes del enamoramiento con las conquistas militares, la salvadora ingenuidad de pueblos sencillos y una aventura de espionaje.
590 ## - NOTA LOCAL (RLIN)
Nota local Inventariado, 2025/DG
650 #4 - PUNTO DE ACCESO ADICIONAL DE MATERIA--TÉRMINO DE MATERIA
Término de materia o nombre geográfico como elemento de entrada Cuentos dominicanos
9 (RLIN) 7308
650 #0 - PUNTO DE ACCESO ADICIONAL DE MATERIA--TÉRMINO DE MATERIA
Término de materia o nombre geográfico como elemento de entrada Literatura dominicana.
9 (RLIN) 67
700 1# - PUNTO DE ACCESO ADICIONAL--NOMBRE DE PERSONA
Nombre de persona Armstrong, Sotolongo
Término indicativo de función/relación editor
Código de función/relación ed.
9 (RLIN) 73435
910 ## - DATOS DE OPCIÓN DEL USUARIO (OCLC)
Datos de opción del usuario DG. Validado Control de Calidad/MAA
942 ## - ELEMENTOS DE PUNTO DE ACCESO ADICIONAL (KOHA)
Fuente del sistema de clasificación o colocación Dewey Decimal Classification
Tipo de ítem Koha Libro
Existencias
Estado de retiro Estado de pérdida Fuente del sistema de clasificación o colocación Restricciones de uso No para préstamo Código de colección Localización permanente Ubicación/localización actual Ubicación en estantería Fecha de adquisición Fuente de adquisición Total de préstamos Signatura topográfica completa Código de barras Fecha visto por última vez Precio válido a partir de Tipo de ítem Koha Número de copia
    Dewey Decimal Classification Excluido de préstamo   Patrimonio Dominicano Biblioteca Nacional Pedro Henríquez Ureña Biblioteca Nacional Pedro Henríquez Ureña Depósito 05.02.2025 Depósito Legal   BNPHU PD RD863.44 B142s 2025-2797 07.04.2025 07.04.2025 Libro  
    Dewey Decimal Classification Excluido de préstamo   Patrimonio Dominicano Biblioteca Nacional Pedro Henríquez Ureña Biblioteca Nacional Pedro Henríquez Ureña Depósito 05.02.2025 Depósito Legal   BNPHU PD RD863.44 B142s 2025-2798 07.04.2025 07.04.2025 Libro e.2

Con tecnología Koha